Las etapas de la educación /

Guardado en:
Autor Principal: Debesse, Maurice
Formato: Libro
Publicado: Buenos Aires : Nova, 1978
Edición:7a. ed.
Materias:
Etiquetas: Agregar Etiqueta
Sin Etiquetas, Sea el primero en etiquetar este registro!
LEADER 00845nam a22002415a 4500
001 CEM.cems002014
005 20060215000000.0
008 130507s1978##################000#0#####d
003 CEMS
082 0 4 |a 370 
100 1 |a Debesse, Maurice 
245 1 0 |a Las etapas de la educación / 
250 |a 7a. ed. 
260 |a Buenos Aires :  |b Nova,  |c 1978 
300 |a 138 p. 
653 |a Educacion 
653 |a Educacion-etapas 
859 |a CEMS  |b BIB. CEMS - 11 de abril  |h 370  |i D371a7  |p 6612.78  |t Ej.1 
859 |a CEMS  |b BIB. CEMS - 11 de abril  |h 370  |i D371a7  |p 6613.78  |t Ej.2 
859 |a CEMS  |b BIB. CEMS - 11 de abril  |h 370  |i D371a7  |p 6614.78  |t Ej.3 
859 |a CEMS  |b BIB. CEMS - 11 de abril  |h 370  |i D371a7  |p 6615.78  |t Ej.4 
859 |a CEMS  |b BIB. CEMS - 11 de abril  |h 370  |i D371a7  |p 6616.78  |t Ej.5 
859 |a CEMS  |b BIB. CEMS - 11 de abril  |h 370  |i D371a7  |p 6742.79  |t Ej.6